| 000 | 01176cam a22003617a 4500 | ||
|---|---|---|---|
| 003 | CHAP | ||
| 005 | 20220329142332.0 | ||
| 008 | 000803d1991 mx a r 00110 spa d | ||
| 010 | _a81927 | ||
| 011 | _a82899 | ||
| 035 | _a93404 | ||
| 040 | _cCHAP | ||
| 090 | _aFolleto 16011 | ||
| 110 | 1 |
_aNacional Financiera. México _980005 |
|
| 245 | 1 | 0 |
_aCentros de adquisición de materias primas _c/por Nacional Financiera |
| 260 |
_aMéxico, D. F. : _bNacional Financiera, _c1991. |
||
| 300 |
_a40 h. : _bilus. |
||
| 410 | _aNacional Financiera | ||
| 490 | 0 | _aCuadernos de micro empresa | |
| 590 |
_aBATCH-UPD _b10 _c20130110 _lUCH01 _h0613 |
||
| 590 |
_aBATCH-UPD _b10 _c20130410 _lUCH01 _h0255 |
||
| 590 |
_aBATCH-UPD _b10 _c20130914 _lUCH01 _h1014 |
||
| 590 |
_aCONVERSION _b10 _c20130109 _lUCH01 _h1345 |
||
| 650 | 1 | 4 |
_aComercio _zMéxico. _925624 |
| 650 | 1 | 4 |
_aMaterias primas. _972962 |
| 810 | 0 | 0 |
_aNacional Financiera _980004 |
| 830 | 0 | 0 |
_aCuadernos de micro empresa _929813 |
| 901 | _aBK | ||
| 905 | _aBlanca M. García O. | ||
| 942 | _cFOLL | ||
| 949 |
_aFolleto 16011 _bBC _cFOLL _d934041 _eTS1 _i93404 _sb |
||
| 949 |
_aFolleto 16011 _bBC _cFOLL _d934042 _eTS2 _fc.2 _i93404 _sb |
||
| 999 |
_c81927 _d81927 |
||